Getting granny's glasses

Bibliographic Details
Main Author: Bond, Ruskin
Other Authors: Warker, Barbara (illustrated by)
Format: Book
Published: Great Britain : Julia MacRae Books , 1989
Series:Blackbird Books
Subjects:

MARC

LEADER 00000cam a2200000 7i4500
001 0000003902
002 000004203
005 20000330.0
020 |a 0862032059 
090 0 0 |a JF   |b BON 
100 1 |a Bond, Ruskin 
245 1 0 |a Getting granny's glasses   |c Ruskin Bond ; Illustratrd by Barbara Walker 
260 |a Great Britain :   |b Julia MacRae Books ,   |c 1989 
300 |a 48p. :   |b ill. ;   |c 20cm. 
490 0 |a Blackbird Books 
650 0 0 |a Children's stories 
700 1 |a Warker, Barbara ,   |e illustrated by 
999 |a 032497   |b BUKU   |c PINJAMAN   |e PERPUSTAKAAN KOMUNITI PETALING JAYA